Quizzes
Events
Quiz Creation
Community
Videos
Private Events
Remove Ads
Sign In
Join for FREE
Feedback
Dark Mode
Quiz Categories
Sports
Geography
Music
Movies
Television
Just For Fun
Miscellaneous
History
Literature
Language
Science
Gaming
Entertainment
Religion
Holiday
For Kids
Quiz Lab
Recent
Popular Today
Quiz Kudos Today
Editor Picks
Curator Picks
Quizzes by...
Day
Popularity
Type
Ratings
Length
Year
Community
Subscriptions
Recent Discussions
Orange Saloon
Badges
Playlists
Quests
Create
Leaderboards
Showdown
Live 5
Trivia Bingo
Activity
Puzzle Library
Sporcle Events
Private Events
Virtual Trivia
Globe League
Become a Host
Pub Owners
SporcleCon
Opinionation
Our Games
Videos
Blog
Mobile Apps
Partnerships
Remove Ads and Go Orange
Feedback
Sports
Athletes
MLB
NBA
NHL
NFL
Soccer
Sports Teams
WWE
NCAA
Football
Premier League
Basketball
Baseball
Hockey
Golf
Tennis
Cricket
Rugby
Auto Racing
Olympics
World Cup
Sports
Athletes
MLB
NBA
NHL
NFL
Soccer
Sports Teams
WWE
NCAA
Football
Premier League
Basketball
Baseball
Hockey
Golf
Tennis
Cricket
Rugby
Auto Racing
Olympics
World Cup
Random Quiz
Search Sporcle
×
Quiz Lab
Quiz Lab
Sports
NBA
Type in answers that appear in a list
Type in answers that appear in a list
Classic
Best Score? Go Orange.
Can you name all the NBA mvps since 1980? Stats
MJ is watching you. (not in order)
By
NFLNBASports
12m
38 Questions
201 Plays
201 Plays
201 Plays
Comments
Comments
Give Quiz Kudos
Give Quiz Kudos
-
- Ratings
hide this ad
Random Order
Randomize order of answers
Randomize order of answers
Replay
Link that replays current quiz
Next Quiz
Link to next quiz in quiz playlist
You Got
0%
They Got
Avg Score
90%
Avg Friend Score
Upgrade to see
Score Distribution
Jump to the score distribution portion of the page
Score
0/38
Timer
12:00
0
Plays Today
NBA team
NBA player
% Correct
Cleveland Cavaliers
LeBron James
98%
Clevland Cavaliers
LeBron James
98%
Miami Heat
LeBron James
98%
Miami Heat
LeBron James
98%
Chicago Bulls
Michael Jordan
96%
Chicago Bulls
Michael Jordan
96%
Chicago Bulls
Michael Jordan
96%
Chicago Bulls
Michael Jordan
96%
Chicago Bulls
Michael Jordan
96%
OKC
Russell Westbrook
94.5%
SA Spurs
Tim Duncan
93.5%
SA Spurs
Tim Duncan
93.5%
OKC
Kevin Durant
93.5%
Houston Rockets
James Harden
93.5%
Golden State Warriors
Stephen Curry
93%
Golden State Warriors
Stephen Curry
93%
LA Lakers
Kobe Bryant
92%
LA Lakers
Magic Johnson
89.6%
LA Lakers
Magic Johnson
89.6%
NBA team
NBA player
% Correct
LA Lakers
Magic Johnson
89.6%
Boston Celtics
Larry Bird
89.1%
Boston Celtics
Larry Bird
89.1%
Boston Celtics
Larry Bird
89.1%
LA Lakers
Shaquille O'Neal
88.6%
Utah Jazz
Karl Malone
88.1%
Utah Jazz
Karl Malone
88.1%
Minnesota Timberwolves
Kevin Garnett
88.1%
Phoenix Suns
Steve Nash
88.1%
Phoenix Suns
Steve Nash
88.1%
Chicago Bulls
Derrick Rose
88.1%
Philadelphia 76ers
Allen Iverson
87.6%
Dallas Mavericks
Dirk Nowitzki
86.6%
Houston Rockets
Moses Malone
86.1%
Philadelphia 76ers
Moses Malone
86.1%
Houston Rockets
Hakeem Olajuwon
84.6%
SA Spurs
David Robinson
80.6%
Phoenix Suns
Charles Barkley
78.1%
Philadelphia 76ers
Julius Erving
69.2%
Quiz Playlist
Details
Report
Send in Message
Add To Playlist
Classic:
Type in answers that appear in a list
Random Order:
Randomize order of answers
Quiz Source
Last Updated: Dec 29, 2018
Quiz Scoreboard
CHALLENGE
Sign Up to Join the Scoreboard
Show All
Scores
Hide
Comments
May contain spoilers
Recently Published
Billboard Blitz: Fleetwood Mac
by CooCooCachoo
Music
15s
Presidents Visiting Landmarks
by Hejman
History
7m
An Introduction to Baseball
by treessimontrees
Sports
5m
More to Explore
Quiz From the Vault
Featured Blog Post
Where Did the Easter Bunny Come From?
hide this ad
You Might Also Like...
Tags
NBA Quiz
1980
MVP
Player
team
Watching
Today's Top Quizzes in Sports
Browse Sports
hide this ad
Today's Top Quizzes in NBA
Browse NBA
Top Contributed Quizzes in Sports
1
Les meilleurs buteurs des matchs entre le PSG et l’OM
2
2022 World Cup Stars
3
FIFA Club World Cup Champions
4
Les entraîneurs de l'OM et du PSG au 21e siècle
5
Name the Premier League winners with different clubs
6
5-to-1: UK Sports Teams
7
La finale Lions - Afrique du Sud 2021
8
Criteria MLB: Left Handed Sluggers
9
AFC Teams Reveal (Wrong Answers Minefield)
10
England Test cricketers to play under Nasser Hussain
Explore More
Trending Topics
NBA
Disney
Crossword
Anime
Harry Potter
Kpop
Marvel
The Office
Song
Country
WWE
Pokémon
NFL
Soccer
Puzzle
hide this ad
More By:
NFLNBASports
Quiz
Plays
Rating
Category
Featured
Created
Can you name all the NBA mvps since 1980?
201
2.25
Sports
Dec 18, 2018
What number were these NBA players drafted at?
54
1.00
Sports
Dec 29, 2018
What NFL team selected this player?
49
Sports
Jan 6, 2019
Go to Creator's Profile
Score Distribution
Quiz Creator Spotlight
NFLNBASports
Follow
Send a Message
Quizzes Created
-
Created Quiz Play Count
-
More By This Creator
Popular Quizzes Today
1
Find the US States - No Outlines Minefield
2
Find the Countries of Europe - No Outlines Minefield
3
The Countries of the World
4
Find the US States
5
Popular People in 1961
6
US States
7
Risky Map Clicking: Biggest States A-Z
8
Movies - When Are They Set?
More Sports Quizzes
Wrestlers with Most World Championships
Quiz Lab
Trending Quizzes
Risky Map Clicking: Least Populous States A-Z
1-10 Letter G Words
1-10 Letter F Words
Risky Map Clicking: Next State Alphabetically
Risky Map Clicking: Biggest States A-Z
Recently Updated
Leaping Animals
pecheneg
Reality TV Shows (A-Z)
bhenderson79
Rickey Henderson's Hall of Fame Teammates
pecheneg
Champions League XIs: Arsenal
pecheneg
Quick Pick: Celebrities in WWE's Hall of Fame
aduchscher
A-Z Keypad Blitz II
pecheneg
Multiple Oscar Actors
pecheneg
Mystery Phrase Blitz: Oscar 'Best Actors'
pecheneg
F. Scott Fitzgerald Novels
LTH
Pick 3 Villains
ddd62291
Trending Topics
Anime
Harry Potter
NBA
Kpop
Crossword
Marvel
Disney
Pokémon
Country
Soccer
NFL
Song
The Office
WWE
Puzzle
Your Account Isn't Verified!
In order to create a playlist on Sporcle, you need to verify the email address you used during registration. Go to your
Sporcle Settings
to finish the process.
Report this User
Report this user for behavior that violates our
Community Guidelines
.
Details:
Send Report
Go to the Sporcle.com Mobile Site →
Comments